مكتبة جامعة عجلون الوطنية

فهرس بحث المكتبة

Normal view MARC view
  • وجودية-فلسفة

Entry Topical Term

Number of records used in: 1

001 - CONTROL NUMBER

  • control field: 36282

003 - CONTROL NUMBER IDENTIFIER

  • control field: JO-AjAnu

005 - DATE AND TIME OF LATEST TRANSACTION

  • control field: 20230606080047.0

008 - FIXED-LENGTH DATA ELEMENTS

  • fixed length control field: 230606|| aca||aabn | a|a d

040 ## - CATALOGING SOURCE

  • Original cataloging agency: JO-AjAnu
  • Transcribing agency: JO-AjAnu

150 ## - HEADING--TOPICAL TERM

  • Topical term or geographic name entry element: وجودية-فلسفة

670 ## - SOURCE DATA FOUND

  • Source citation: Work cat.: (JO-AjAnu)18627: اعداد ميرلو-بونتي، موريس ، لوفور،كلود ؛ ترجمة وتعليق خضر، سعاد محمد ؛ مراجعة داغر، نقولا , author 36281, المرئي واللامرئي متبوعا بملاحظات العمل